[Event "Abu Dhabi Super Blitz op 1st"]
[Site "Chess.com INT"]
[Date "2020.04.15"]
[Round "3"]
[White "Avalyan, Artur"]
[Black "Bruzon Batista, Lazaro"]
[Result "1-0"]
[WhiteElo "2342"]
[BlackElo "2644"]
[PlyCount "75"]
[EventDate "2020.04.15"]
[EventType "swiss (blitz)"]
[EventRounds "11"]
[EventCountry "UAE"]
[SourceTitle "CBM 195 Extra"]
[Source "ChessBase"]
[SourceDate "2020.05.31"]
[SourceVersion "1"]
[SourceVersionDate "2020.05.31"]
[SourceQuality "1"]

1. d4 Nf6 2. c4 e6 3. Nc3 Bb4 4. e3 0-0 5. a3 Bxc3+ 6. bxc3 c5 7. Bd3 Nc6 8. Ne2 d6 9. e4 e5 10. 0-0 h6 11. d5 Ne7 12. f3 Nh7 13. Be3 f5 14. exf5 Bxf5 15. Ng3 Bxd3 16. Qxd3 Qd7 17. f4 exf4 18. Bxf4 Nf6 19. Rae1 Rae8 20. Re6 Nc8 21. Rfe1 Rxe6 22. dxe6 Qc6 23. h3 Ne8 24. Bxh6 Ne7 25. Bg5 Nf6 26. Rd1 b6 27. Qxd6 Qa4 28. Re1 Nc8 29. Qc7 Qxc4 30. e7 Re8 31. Bxf6 gxf6 32. Nh5 Qxc3 33. Rf1 Qd4+ 34. Kh1 f5 35. Qg3+ Kf7 36. Rxf5+ Ke6 37. Qg6+ Kd7 38. Nf6+ 1-0

[Event "Abu Dhabi Super Blitz KO 1st"]
[Site "Chess.com INT"]
[Date "2020.04.15"]
[Round "1.2"]
[White "Bortnyk, Olexandr"]
[Black "Avalyan, Artur"]
[Result "1-0"]
[WhiteElo "2598"]
[BlackElo "2342"]
[PlyCount "55"]
[EventDate "2020.04.15"]
[EventType "k.o. (blitz)"]
[EventRounds "3"]
[EventCountry "UAE"]
[SourceTitle "CBM 195 Extra"]
[Source "ChessBase"]
[SourceDate "2020.05.31"]
[SourceVersion "1"]
[SourceVersionDate "2020.05.31"]
[SourceQuality "1"]

1. e4 e5 2. Bc4 Nc6 3. d3 Bc5 4. Nc3 d6 5. Be3 Bxe3 6. fxe3 Nf6 7. Nf3 Na5 8. Bb3 Nxb3 9. axb3 0-0 10. 0-0 a5 11. d4 Qe7 12. dxe5 dxe5 13. Nd5 Nxd5 14. Qxd5 c6 15. Qxe5 Qxe5 16. Nxe5 Be6 17. Nd3 b6 18. b4 a4 19. Rfd1 g5 20. Ne5 Rfc8 21. Rd6 c5 22. b5 Rcb8 23. Ra3 Kg7 24. Kf2 Rb7 25. b3 Kf6 26. Nc6 h5 27. Rxa4 Kg7 28. Rxa8 1-0

[Event "Abu Dhabi Super Blitz op 1st"]
[Site "Chess.com INT"]
[Date "2020.04.15"]
[Round "7"]
[White "Nakamura, Hikaru"]
[Black "Avalyan, Artur"]
[Result "1-0"]
[WhiteElo "2736"]
[BlackElo "2342"]
[PlyCount "143"]
[EventDate "2020.04.15"]
[EventType "swiss (blitz)"]
[EventRounds "11"]
[EventCountry "UAE"]
[SourceTitle "CBM 195 Extra"]
[Source "ChessBase"]
[SourceDate "2020.05.31"]
[SourceVersion "1"]
[SourceVersionDate "2020.05.31"]
[SourceQuality "1"]

1. Nf3 d5 2. b3 Bg4 3. Bb2 Bxf3 4. exf3 Nf6 5. g3 e6 6. Bg2 Nbd7 7. 0-0 g6 8. d4 Bg7 9. c4 c6 10. Qc2 0-0 11. f4 Qc7 12. Nd2 Rad8 13. f5 gxf5 14. cxd5 Nxd5 15. Bxd5 exd5 16. Qxf5 Qd6 17. Nf3 Qf6 18. Nh4 Rfe8 19. Rfe1 Nf8 20. Qg4 Ne6 21. Rad1 Qg5 22. Qf3 h6 23. Nf5 Qg6 24. h4 h5 25. Re2 Bf6 26. Rde1 Kh7 27. Re3 a5 28. Bc3 b6 29. a4 Bh8 30. R3e2 c5 31. Rd1 Bf6 32. Bb2 Qg4 33. Qxg4 hxg4 34. dxc5 Bxb2 35. Rxb2 Nxc5 36. Ne3 d4 37. Nxg4 Kg7 38. Kg2 d3 39. Ne3 Re4 40. Nc4 Nxa4 41. bxa4 Rxc4 42. Rxb6 Rxa4 43. Rd2 Ra3 44. h5 Rd5 45. h6+ Kh7 46. Rf6 Rd7 47. g4 Rc3 48. Ra6 Rd5 49. Kf3 Rc2 50. Ke3 Rc4 51. f4 Rdd4 52. Rf6 Rd7 53. Rxd3 Re7+ 54. Kf3 a4 55. g5 Rb4 56. Kg4 Rb3 57. Rxb3 axb3 58. Rb6 Re3 59. Kf5 Rf3 60. Rb7 Kg8 61. Ke4 Rf1 62. Rxb3 Kh7 63. Kf5 Re1 64. Rb7 Kg8 65. Rb8+ Kh7 66. Rf8 Re7 67. Kf6 Re4 68. Rxf7+ Kg8 69. f5 Ra4 70. g6 Ra6+ 71. Kg5 Ra1 72. h7+ 1-0

[Event "Titled Tuesday intern op 7th April"]
[Site "Chess.com INT"]
[Date "2020.04.07"]
[Round "7"]
[White "Avalyan, Artur"]
[Black "Sorensen, Hampus"]
[Result "1-0"]
[WhiteElo "2342"]
[BlackElo "2361"]
[PlyCount "143"]
[EventDate "2020.04.07"]
[EventType "swiss (blitz)"]
[EventRounds "10"]
[EventCountry "USA"]
[SourceTitle "EXT 2021"]
[Source "ChessBase"]
[SourceDate "2020.10.23"]
[SourceVersion "1"]
[SourceVersionDate "2020.10.23"]
[SourceQuality "1"]

1. d4 d5 2. c4 c6 3. cxd5 cxd5 4. Bg5 h6 5. Bh4 Qb6 6. Nc3 e6 7. Qd2 Ne7 8. f3 Nbc6 9. Rd1 Ng6 10. Bf2 Qd8 11. e4 dxe4 12. fxe4 Be7 13. Nf3 0-0 14. Be2 b6 15. 0-0 Bb7 16. Bg3 Rc8 17. Kh1 Na5 18. d5 exd5 19. exd5 Nc4 20. Qc1 Bf6 21. Nd4 Nd6 22. Bf3 Bxd4 23. Rxd4 Nf5 24. Rdd1 Nxg3+ 25. hxg3 Qd6 26. Kh2 Rc4 27. Ne4 Qb4 28. a3 Qa4 29. Qe3 Qd7 30. Rd2 Re8 31. Re1 Rcxe4 32. Bxe4 f5 33. Qd4 fxe4 34. Rxe4 Rxe4 35. Qxe4 Ne7 36. Qe5 Nxd5 37. Qb8+ Kh7 38. Qxa7 Qc6 39. Qb8 Ne3 40. Qf4 Nxg2 41. Qf5+ Qg6 42. Qxg6+ Kxg6 43. Rd6+ Kf5 44. Rxb6 Be4 45. a4 g5 46. a5 Ne3 47. a6 Nc4 48. Rb5+ Ke6 49. a7 Kd7 50. Rb8 Kc7 51. a8Q Bxa8 52. Rxa8 Nxb2 53. Rh8 Kd7 54. Rxh6 Nc4 55. Kh3 Ne5 56. Ra6 Ke7 57. Kg2 Kf7 58. Kf2 Kg7 59. Ke3 Nf7 60. Ke4 Nh6 61. Ke5 Nf7+ 62. Kf5 g4 63. Kxg4 Nh6+ 64. Rxh6 Kxh6 65. Kf5 Kh7 66. g4 Kh8 67. Kf6 Kh7 68. g5 Kh8 69. Kf7 Kh7 70. g6+ Kh8 71. g7+ Kh7 72. g8Q+ 1-0

[Event "Titled Tuesday intern op 7th April"]
[Site "Chess.com INT"]
[Date "2020.04.07"]
[Round "2"]
[White "Sarana, Alexey"]
[Black "Avalyan, Artur"]
[Result "0-1"]
[WhiteElo "2654"]
[BlackElo "2342"]
[PlyCount "122"]
[EventDate "2020.04.07"]
[EventType "swiss (blitz)"]
[EventRounds "10"]
[EventCountry "USA"]
[SourceTitle "EXT 2021"]
[Source "ChessBase"]
[SourceDate "2020.10.23"]
[SourceVersion "1"]
[SourceVersionDate "2020.10.23"]
[SourceQuality "1"]

1. d4 Nf6 2. c4 e6 3. Nf3 d5 4. Nc3 dxc4 5. e4 b5 6. e5 Nd5 7. Nxb5 Nb6 8. Be2 Nc6 9. a3 Be7 10. Be3 0-0 11. Qc2 Na5 12. h4 Bb7 13. Rd1 h6 14. Rh3 Nd5 15. Bd2 a6 16. Nc3 Nb3 17. Bxh6 gxh6 18. Rg3+ Kh8 19. Bxc4 Rg8 20. Bxb3 Rxg3 21. fxg3 Ne3 22. Qd2 Ng4 23. Qf4 Qg8 24. d5 Bc5 25. dxe6 fxe6 26. Rd7 Rf8 27. Qc4 Bf2+ 28. Ke2 Bxg3 29. Qxc7 Bxf3+ 30. gxf3 Nxe5 31. Bxe6 Nxd7 32. Qxd7 Re8 33. Qd4+ Qg7 34. Qd5 Qf6 35. Ne4 Qxe6 36. Qd4+ Qe5 37. Qc4 Bxh4 38. b4 Bf6 39. Qxa6 Bg7 40. b5 Qb2+ 41. Ke3 Qd4+ 42. Ke2 Qc4+ 43. Ke3 Bd4+ 44. Kd2 Bg7 45. Ke3 Rd8 46. Qb6 Qc1+ 47. Kf2 Qb2+ 48. Kg3 Rg8 49. Kf4 Qe5+ 50. Ke3 Qb2 51. a4 Qb3+ 52. Kf4 Qxa4 53. Qc6 Qb4 54. b6 Qf8+ 55. Ke3 Qf7 56. b7 Qb3+ 57. Kf4 Qb2 58. Nd6 Qe5+ 59. Kg4 Bf8+ 60. Kh4 Bxd6 61. f4 Qxf4+ 0-1

[Event "Titled Tuesday intern op 7th April"]
[Site "Chess.com INT"]
[Date "2020.04.07"]
[Round "5"]
[White "Swiercz, Dariusz"]
[Black "Avalyan, Artur"]
[Result "1-0"]
[WhiteElo "2649"]
[BlackElo "2342"]
[PlyCount "147"]
[EventDate "2020.04.07"]
[EventType "swiss (blitz)"]
[EventRounds "10"]
[EventCountry "USA"]
[SourceTitle "EXT 2021"]
[Source "ChessBase"]
[SourceDate "2020.10.23"]
[SourceVersion "1"]
[SourceVersionDate "2020.10.23"]
[SourceQuality "1"]

1. c4 e6 2. g3 d5 3. Bg2 dxc4 4. Nf3 a6 5. 0-0 Nf6 6. Qc2 b5 7. Ne1 Ra7 8. d3 cxd3 9. Nxd3 Nbd7 10. a4 Bb7 11. Bxb7 Rxb7 12. axb5 axb5 13. Be3 Bd6 14. Qc6 Rb8 15. Nc3 b4 16. Nb5 0-0 17. Nxd6 cxd6 18. Qxd6 Nd5 19. Bd4 N7f6 20. Qxd8 Rfxd8 21. Rfc1 Nf4 22. Nxf4 Rxd4 23. Ra7 Rd7 24. Rxd7 Nxd7 25. Rc7 Nf6 26. Kg2 h6 27. Nd3 Nd5 28. Rd7 Rc8 29. Kf3 Rc2 30. e4 Nb6 31. Rb7 Rd2 32. Ne5 Na4 33. Rxb4 Nxb2 34. Rb8+ Kh7 35. Nxf7 Nd1 36. Rh8+ Kg6 37. Ne5+ Kf6 38. Ng4+ Kg6 39. h4 h5 40. Ne5+ Kf6 41. Rxh5 Rxf2+ 42. Kg4 Ne3+ 43. Kh3 Rf1 44. Ng4+ Nxg4 45. Kxg4 Re1 46. Kf3 Rf1+ 47. Ke2 Rg1 48. Kf2 Ra1 49. e5+ Kf7 50. Rg5 Ra3 51. Kg2 Rb3 52. Kh3 Rb4 53. h5 Rc4 54. Kg2 Re4 55. Kf3 Ra4 56. Rg4 Ra3+ 57. Kg2 Ra5 58. Rf4+ Ke7 59. Re4 Ra1 60. Kf3 Kf7 61. Rf4+ Ke7 62. Rb4 Rf1+ 63. Kg4 Rf5 64. Rb7+ Kf8 65. Rb5 Rf1 66. Kg5 Rg1 67. g4 Rg2 68. Rb4 Re2 69. Kg6 Rxe5 70. Rb8+ Ke7 71. Rb7+ Kf8 72. Rf7+ Ke8 73. Rxg7 Re1 74. h6 1-0

[Event "Titled Tuesday intern op1 3rd March  "]
[Site "Chess.com INT"]
[Date "2020.03.03"]
[Round "5"]
[White "Avalyan, Artur"]
[Black "Aslanov, Umid Fuad"]
[Result "1/2-1/2"]
[WhiteElo "2342"]
[BlackElo "2019"]
[PlyCount "70"]
[EventDate "2020.03.03"]
[EventType "swiss (blitz)"]
[EventRounds "10"]
[EventCountry "USA"]
[SourceTitle "EXT 2021"]
[Source "ChessBase"]
[SourceDate "2020.10.23"]
[SourceVersion "1"]
[SourceVersionDate "2020.10.23"]
[SourceQuality "1"]

1. d4 e6 2. c4 c5 3. d5 exd5 4. cxd5 d6 5. Nc3 Nf6 6. e4 g6 7. f4 Bg7 8. Bb5+ Nfd7 9. Bd3 0-0 10. Nf3 a6 11. a4 Re8 12. 0-0 Nf6 13. f5 c4 14. Bc2 Nbd7 15. Bf4 Nh5 16. Be3 Ne5 17. Nxe5 Bxe5 18. Bd4 Qg5 19. Bxe5 Rxe5 20. Qc1 Qg4 21. Bd1 Qh4 22. Bxh5 Qxh5 23. fxg6 Qxg6 24. Qf4 Rg5 25. Rf2 Bh3 26. g3 Re8 27. a5 f5 28. Re1 Rg4 29. Qf3 f4 30. Kh1 fxg3 31. hxg3 Rxg3 32. Qxg3 Qxg3 33. Rg1 Qxg1+ 34. Kxg1 Kg7 35. Kh2 Bg4 1/2-1/2

[Event "Titled Tuesday intern op 3rd March"]
[Site "Chess.com INT"]
[Date "2020.03.03"]
[Round "5"]
[White "Avalyan, Artur"]
[Black "Doshi, Moksh Amitbhai"]
[Result "0-1"]
[WhiteElo "2342"]
[BlackElo "2332"]
[PlyCount "64"]
[EventDate "2020.03.03"]
[EventType "swiss (blitz)"]
[EventRounds "10"]
[EventCountry "USA"]
[SourceTitle "EXT 2021"]
[Source "ChessBase"]
[SourceDate "2020.10.23"]
[SourceVersion "1"]
[SourceVersionDate "2020.10.23"]
[SourceQuality "1"]

1. d4 Nf6 2. c4 g6 3. Nc3 d5 4. Bg5 Bg7 5. Bxf6 Bxf6 6. cxd5 c5 7. dxc5 Nd7 8. c6 Nb6 9. e3 0-0 10. Nf3 Bxc3+ 11. bxc3 Nxd5 12. cxb7 Bxb7 13. c4 Nb4 14. a3 Qxd1+ 15. Rxd1 Nc2+ 16. Kd2 Nxa3 17. Kc3 Rac8 18. Ra1 Nb5+ 19. Kb4 Nd6 20. Rxa7 Rb8 21. Kc3 Ne4+ 22. Kc2 Nxf2 23. Rg1 Rfd8 24. Be2 Be4+ 25. Kc3 Bf5 26. Nd4 Ne4+ 27. Kc2 Ng3+ 28. Nxf5 Nxf5 29. Rga1 Nxe3+ 30. Kc3 e6 31. g3 Rbc8 32. Re7 Nd5+ 0-1

[Event "Titled Tuesday intern op1 3rd March  "]
[Site "Chess.com INT"]
[Date "2020.03.03"]
[Round "6"]
[White "Beerdsen, Thomas"]
[Black "Avalyan, Artur"]
[Result "1-0"]
[WhiteElo "2486"]
[BlackElo "2342"]
[PlyCount "65"]
[EventDate "2020.03.03"]
[EventType "swiss (blitz)"]
[EventRounds "10"]
[EventCountry "USA"]
[SourceTitle "EXT 2021"]
[Source "ChessBase"]
[SourceDate "2020.10.23"]
[SourceVersion "1"]
[SourceVersionDate "2020.10.23"]
[SourceQuality "1"]

1. e4 e5 2. Nf3 Nc6 3. Nc3 Nf6 4. Bb5 Bd6 5. 0-0 0-0 6. Re1 Re8 7. d3 h6 8. a3 Bf8 9. Ne2 d6 10. Ng3 Bg4 11. c3 a6 12. Ba4 b5 13. Bc2 d5 14. h3 Be6 15. Qe2 dxe4 16. dxe4 Bc5 17. Nh4 Bc4 18. Qf3 Nh7 19. Nhf5 Ne7 20. Qg4 Ng6 21. h4 Nf6 22. Qf3 Be6 23. h5 Nf4 24. Bxf4 exf4 25. Qxf4 Qc8 26. Nxh6+ Kf8 27. Nhf5 Bxf5 28. Nxf5 Nxh5 29. Qg5 g6 30. Bb3 gxf5 31. Qxh5 Qd7 32. Rad1 Bd6 33. e5 1-0

[Event "Titled Tuesday intern op 3rd March"]
[Site "Chess.com INT"]
[Date "2020.03.03"]
[Round "1"]
[White "Firouzja, Alireza"]
[Black "Avalyan, Artur"]
[Result "1/2-1/2"]
[WhiteElo "2728"]
[BlackElo "2342"]
[PlyCount "126"]
[EventDate "2020.03.03"]
[EventType "swiss (blitz)"]
[EventRounds "10"]
[EventCountry "USA"]
[SourceTitle "EXT 2021"]
[Source "ChessBase"]
[SourceDate "2020.10.23"]
[SourceVersion "1"]
[SourceVersionDate "2020.10.23"]
[SourceQuality "1"]

1. e4 e5 2. Nf3 Nc6 3. Bb5 a6 4. Bxc6 dxc6 5. 0-0 Bg4 6. h3 h5 7. d3 Qf6 8. Be3 Bxf3 9. Qxf3 Qxf3 10. gxf3 Ne7 11. Nd2 Ng6 12. Rfb1 Bd6 13. b4 Kd7 14. a4 f5 15. Kf1 Rhf8 16. Ke2 fxe4 17. Nxe4 Nh4 18. Rg1 Rf7 19. Ng5 Rf5 20. Rab1 Be7 21. Ne4 g6 22. Nc5+ Bxc5 23. bxc5 Rxf3 24. Bg5 Rxh3 25. Bxh4 Rxh4 26. Rxg6 Rf8 27. Rxb7 Rh2 28. Ra7 Rfxf2+ 29. Ke3 Re2+ 30. Kf3 Rhf2+ 31. Kg3 Rg2+ 32. Kf3 Rxg6 33. Kxe2 h4 34. Ra8 h3 35. Rh8 h2 36. Rxh2 Rg4 37. c4 e4 38. Rh7+ Kc8 39. d4 Rg3 40. d5 cxd5 41. c6 Kb8 42. cxd5 Rd3 43. Rd7 Rd4 44. a5 Rd3 45. Ke1 Rd4 46. Kf2 Rd3 47. Ke2 Kc8 48. Re7 Rxd5 49. Re8+ Rd8 50. Rxe4 Rd6 51. Re8+ Rd8 52. Re6 Rd6 53. Re8+ Rd8 54. Re4 Rd6 55. Rc4 Kd8 56. Ke3 Rd5 57. Rh4 Rxa5 58. Rh7 Rd5 59. Ke4 Rd6 60. Rh8+ Ke7 61. Rh7+ Kd8 62. Rh8+ Ke7 63. Rh7+ Kd8 1/2-1/2

[Event "Moscow Aeroflot op-B"]
[Site "Moscow"]
[Date "2020.02.23"]
[Round "5"]
[White "Ivanov, Victor L"]
[Black "Avalyan, Artur"]
[Result "0-1"]
[WhiteElo "2488"]
[BlackElo "2382"]
[PlyCount "72"]
[EventDate "2020.02.19"]
[EventType "swiss"]
[EventRounds "9"]
[EventCountry "RUS"]
[SourceTitle "CBM 195"]
[Source "ChessBase"]
[SourceDate "2020.04.30"]
[SourceVersion "1"]
[SourceVersionDate "2020.04.30"]
[SourceQuality "1"]

1. e4 e5 2. Nf3 Nc6 3. Bc4 Bc5 4. 0-0 Nf6 5. d3 d6 6. c3 0-0 7. Nbd2 a5 8. h3 h6 9. Re1 a4 10. Bb5 Bd7 11. Bxa4 Rxa4 12. Qxa4 Nb4 13. Qd1 Nxd3 14. Rf1 Ba7 15. Qc2 Nxc1 16. Raxc1 Nh5 17. Kh2 Nf4 18. Nc4 Qf6 19. Ng1 Qg6 20. Ne3 Bc6 21. g3 Bxe4 22. Qd2 Ne6 23. Nd5 Kh8 24. f3 Bxg1+ 25. Rxg1 Bxf3 26. Ne7 Qf6 27. Nd5 Qd8 28. Rgf1 Be4 29. Rce1 f5 30. h4 c6 31. Nb4 Rf6 32. Rxe4 fxe4 33. Rxf6 Qxf6 34. Qxd6 e3 35. Nc2 Qf2+ 36. Kh3 Qf5+ 0-1

[Event "Moscow Aeroflot op-B"]
[Site "Moscow"]
[Date "2020.02.22"]
[Round "4"]
[White "Avalyan, Artur"]
[Black "Zabotin, Alexander"]
[Result "1/2-1/2"]
[WhiteElo "2382"]
[BlackElo "2494"]
[PlyCount "37"]
[EventDate "2020.02.19"]
[EventType "swiss"]
[EventRounds "9"]
[EventCountry "RUS"]
[SourceTitle "CBM 195"]
[Source "ChessBase"]
[SourceDate "2020.04.30"]
[SourceVersion "1"]
[SourceVersionDate "2020.04.30"]
[SourceQuality "1"]

1. d4 g6 2. e4 Bg7 3. Nc3 d6 4. Nf3 Nf6 5. h3 c6 6. a4 0-0 7. Be3 Nbd7 8. Be2 Qc7 9. 0-0 e5 10. dxe5 dxe5 11. Bc4 b6 12. b4 a5 13. Qb1 axb4 14. Qxb4 Ba6 15. Rfd1 Qc8 16. Rab1 Bxc4 17. Qxc4 b5 18. axb5 cxb5 19. Qxc8 1/2-1/2

[Event "Moscow Aeroflot op-B"]
[Site "Moscow"]
[Date "2020.02.21"]
[Round "3"]
[White "Mahalakshmi, Muganda Kumar"]
[Black "Avalyan, Artur"]
[Result "0-1"]
[WhiteElo "2255"]
[BlackElo "2382"]
[PlyCount "144"]
[EventDate "2020.02.19"]
[EventType "swiss"]
[EventRounds "9"]
[EventCountry "RUS"]
[SourceTitle "CBM 195"]
[Source "ChessBase"]
[SourceDate "2020.04.30"]
[SourceVersion "1"]
[SourceVersionDate "2020.04.30"]
[SourceQuality "1"]

1. d4 d5 2. Bf4 Nf6 3. e3 e6 4. Nf3 c5 5. Nbd2 Nc6 6. c3 Bd6 7. Bd3 Bxf4 8. exf4 Qd6 9. g3 Bd7 10. dxc5 Qxc5 11. 0-0 0-0 12. Ne5 Qb6 13. Qc2 h6 14. Rad1 Rac8 15. Qb1 Rfd8 16. Ndf3 Be8 17. f5 Nxe5 18. Nxe5 Nd7 19. Rfe1 Qd6 20. Nxd7 Bxd7 21. fxe6 fxe6 22. Qc2 Rf8 23. Qe2 Qb6 24. Bb1 Rf6 25. Rd4 Rcf8 26. Qc2 g6 27. Rg4 Be8 28. Re2 Kg7 29. Rd4 Qc5 30. f4 a5 31. Re5 b5 32. Qe2 Qb6 33. Qd2 Qc7 34. Qe3 Bd7 35. Kg2 Rb8 36. a3 Qd6 37. Be4 Rc8 38. Bf3 Rf7 39. Bg4 Rf6 40. Bf3 Rcf8 41. h4 Rf5 42. Rxf5 Rxf5 43. Rd2 g5 44. Qd4+ Kg8 45. Bg4 Rf7 46. Bh5 Rg7 47. hxg5 hxg5 48. Qe5 Qe7 49. Rf2 g4 50. Qe2 Qf6 51. Kg1 Qf5 52. Rh2 e5 53. Qxe5 Qb1+ 54. Kf2 Qxb2+ 55. Kg1 Qc1+ 56. Kf2 Qc2+ 57. Kg1 Qd1+ 58. Kf2 Qf3+ 59. Kg1 Qxg3+ 60. Rg2 Qd3 61. Qb8+ Kh7 62. Rh2 Qg3+ 63. Kh1 Qe1+ 64. Kg2 g3 65. Bg6+ Kxg6 66. Qd6+ Qe6 67. f5+ Kxf5 68. Qf8+ Qf7 69. Rh5+ Kg6 70. Qd6+ Kxh5 71. Qe5+ Bf5 72. Qe2+ Rg4 0-1

[Event "Moscow op-A 16th"]
[Site "Moscow"]
[Date "2020.01.27"]
[Round "3"]
[White "Avalyan, Artur"]
[Black "Pavlov, Mark"]
[Result "0-1"]
[WhiteElo "2382"]
[BlackElo "2166"]
[PlyCount "124"]
[EventDate "2020.01.25"]
[EventType "swiss"]
[EventRounds "9"]
[EventCountry "RUS"]
[SourceTitle "CBM 194 Extra"]
[Source "ChessBase"]
[SourceDate "2020.03.31"]
[SourceVersion "1"]
[SourceVersionDate "2020.03.31"]
[SourceQuality "1"]

1. d4 Nf6 2. c4 c5 3. d5 e6 4. Nc3 exd5 5. cxd5 d6 6. e4 g6 7. f4 Bg7 8. Bb5+ Nfd7 9. Bd3 0-0 10. Nf3 a6 11. a4 Qc7 12. 0-0 c4 13. Bc2 Nc5 14. f5 Nbd7 15. Kh1 Rb8 16. a5 b5 17. axb6 Qxb6 18. Rb1 Re8 19. Be3 Qc7 20. Bd4 Ne5 21. Nxe5 Bxe5 22. Bxe5 Rxe5 23. Qd2 Qe7 24. Rf3 f6 25. fxg6 hxg6 26. Rbf1 Kg7 27. Qf2 Nd7 28. Ba4 Rb7 29. Bxd7 Bxd7 30. Rxf6 Bf5 31. Rxf5 gxf5 32. Qg3+ Kf8 33. exf5 Qf6 34. Qg4 Rg7 35. Qxc4 Qg5 36. g3 Rh7 37. Qb4 Rh6 38. Qf4 Qh5 39. g4 Qh3 40. Rg1 Qh4 41. Qd2 Re3 42. g5 Rh5 43. f6 Qh3 44. Rg2 Qf3 45. Kg1 Rh4 46. Qf2 Qh3 47. g6 Rg4 48. g7+ Kf7 49. Rxg4 Qxg4+ 50. Qg2 Qc8 51. Qg5 Re5 52. Qh4 Qc5+ 53. Kf1 Qe3 54. g8Q+ Kxg8 55. Qg4+ Qg5 56. Qc8+ Kf7 57. Qd7+ Kxf6 58. Qxd6+ Kf5 59. Qd7+ Kg6 60. Qc6+ Kh5 61. Ne2 Qf5+ 62. Ke1 Qd3 0-1

[Event "Moscow op-A 16th"]
[Site "Moscow"]
[Date "2020.01.25"]
[Round "1"]
[White "Avalyan, Artur"]
[Black "Khmelev, Mikhail"]
[Result "1-0"]
[WhiteElo "2382"]
[BlackElo "2075"]
[PlyCount "124"]
[EventDate "2020.01.25"]
[EventType "swiss"]
[EventRounds "9"]
[EventCountry "RUS"]
[SourceTitle "CBM 194 Extra"]
[Source "ChessBase"]
[SourceDate "2020.03.31"]
[SourceVersion "1"]
[SourceVersionDate "2020.03.31"]
[SourceQuality "1"]

1. d4 e6 2. g3 Nf6 3. Bg2 d5 4. c4 c5 5. cxd5 exd5 6. Nf3 Nc6 7. 0-0 Be7 8. Nc3 0-0 9. dxc5 Bxc5 10. a3 a5 11. Bg5 d4 12. Bxf6 Qxf6 13. Ne4 Qe7 14. Nxc5 Qxc5 15. Rc1 Qb6 16. Qc2 g6 17. Rfd1 d3 18. Rxd3 Bf5 19. Qb3 Qa6 20. Rd2 Rad8 21. Rcd1 a4 22. Qe3 Rxd2 23. Rxd2 Na5 24. Qh6 Qf6 25. e4 Bg4 26. e5 Qg7 27. Qf4 Bxf3 28. Bxf3 Nb3 29. Rc2 Rd8 30. Rc7 Nd4 31. Rxb7 g5 32. Qe3 Qxe5 33. Bh5 Qxe3 34. fxe3 Nc2 35. Kf2 Rd2+ 36. Kf3 f5 37. g4 Ne1+ 38. Kg3 Rg2+ 39. Kh3 f4 40. exf4 gxf4 41. Re7 Rg1 42. Rf7 f3 43. Rf5 Rg2 44. b4 axb3 45. Bf7+ Kg7 46. Bxb3 Rd2 47. Bc4 Rd4 48. Bb5 Rd2 49. a4 Ra2 50. Kg3 Rg2+ 51. Kh3 Ra2 52. Kg3 Rg2+ 53. Kh3 Ra2 54. Kg3 Rg2+ 55. Kf4 Rd2 56. a5 Ra2 57. a6 Kg6 58. Rc5 f2 59. Rc6+ Kf7 60. Rc7+ Kg6 61. a7 Ng2+ 62. Kf3 Ne1+ 1-0

[Event "World ol U16"]
[Site "Corum"]
[Date "2019.11.04"]
[Round "8.9"]
[White "Avalyan, Artur"]
[Black "Hua, Eugene"]
[Result "1-0"]
[WhiteElo "2395"]
[BlackElo "2285"]
[PlyCount "133"]
[EventDate "2019.10.29"]
[EventType "team-swiss"]
[EventRounds "9"]
[EventCountry "TUR"]
[SourceTitle "CBM 192 Extra"]
[Source "Chessbase"]
[SourceDate "2019.11.06"]
[SourceVersion "1"]
[SourceVersionDate "2019.11.06"]
[SourceQuality "1"]
[WhiteTeam "Russia"]
[BlackTeam "Canada"]
[WhiteTeamCountry "RUS"]
[BlackTeamCountry "CAN"]

1. d4 Nf6 2. c4 e6 3. Nc3 Bb4 4. e3 0-0 5. Bd3 d5 6. Nf3 c5 7. 0-0 cxd4 8. exd4 dxc4 9. Bxc4 b6 10. Qe2 Bb7 11. Rd1 Bxc3 12. bxc3 Nbd7 13. Bb3 Qc7 14. c4 Rfe8 15. h3 Rac8 16. Bb2 Nf8 17. Ne5 Ng6 18. Nxg6 hxg6 19. Qd2 Ne4 20. Qe3 Nd6 21. Rac1 Nf5 22. Qe5 Qxe5 23. dxe5 Bc6 24. Rd3 Red8 25. Rcd1 Rxd3 26. Rxd3 Kf8 27. f4 Ke8 28. g4 Ne7 29. Kf2 Rd8 30. Rd6 Rxd6 31. exd6 Nc8 32. Bxg7 Nxd6 33. Bd4 f5 34. g5 Nb7 35. Bd1 Nd6 36. Be2 Kd8 37. Ke3 Ne4 38. h4 Ng3 39. Bd1 Kc7 40. Be5+ Kd7 41. Kd4 b5 42. cxb5 Bxb5 43. a4 Be2 44. Bb3 Ne4 45. a5 a6 46. Bb8 Nd2 47. Ba4+ Kc8 48. Ba7 Kb7 49. Bc5 Bg4 50. Ke5 Nf3+ 51. Kxe6 Nxh4 52. Kf6 Ng2 53. Bd6 Bh5 54. Be8 Nh4 55. Bb4 Kc7 56. Be1 Kd8 57. Bf7 Ng2 58. Bd2 Nh4 59. Bc4 Nf3 60. Be3 Nh2 61. Bb6+ Ke8 62. Bxa6 Ng4+ 63. Ke6 Nh2 64. Bb7 Be2 65. a6 Bxa6 66. Bxa6 Ng4 67. Bc5 1-0

[Event "Veliko Gradiste Silver Lake op"]
[Site "Veliko Gradiste"]
[Date "2019.06.22"]
[Round "8"]
[White "Avalyan, Artur"]
[Black "Van Dael, Siem"]
[Result "0-1"]
[WhiteElo "2385"]
[BlackElo "2290"]
[PlyCount "132"]
[EventDate "2019.06.16"]
[EventType "swiss"]
[EventRounds "9"]
[EventCountry "SRB"]
[SourceTitle "CBM 191 Extra"]
[Source "ChessBase"]
[SourceDate "2019.09.30"]
[SourceVersion "1"]
[SourceVersionDate "2019.09.30"]
[SourceQuality "1"]

1. b3 Nf6 2. Bb2 g6 3. g3 Bg7 4. Bg2 d6 5. e3 0-0 6. Ne2 e5 7. 0-0 Nbd7 8. d3 c6 9. Nd2 Re8 10. c4 h5 11. h3 Nf8 12. Rc1 Bd7 13. Ba3 Be6 14. Ne4 d5 15. Nxf6+ Bxf6 16. cxd5 Bxd5 17. e4 Be6 18. Qc2 Qd7 19. Kh2 h4 20. Rcd1 Rad8 21. gxh4 Bxh4 22. f4 exf4 23. Nxf4 Qc7 24. Kh1 Bg5 25. Bc1 Qe7 26. d4 Bc8 27. d5 Bf6 28. Qf2 Be5 29. Nd3 Bg7 30. Bf4 cxd5 31. exd5 b6 32. Qg3 Bb7 33. Bg5 Qd6 34. Qh4 Rd7 35. Nb4 a5 36. Nc6 Bxc6 37. Bf4 Qxd5 38. Rxd5 Bxd5 39. Bxd5 Rxd5 40. Qf2 Rf5 41. Qg2 Bd4 42. Bg5 Rxf1+ 43. Qxf1 Bc3 44. Qc4 Re1+ 45. Kg2 Be5 46. Kf2 Ra1 47. Qe2 Bg7 48. Be3 Nd7 49. Qd2 Nf6 50. Kf3 Rf1+ 51. Kg2 Rf5 52. Bxb6 Nd5 53. Bxa5 Nf4+ 54. Kh2 Be5 55. Bc3 Ne2+ 56. Kg2 Nxc3 57. a4 Ne4 58. Qd8+ Kg7 59. Qd5 Rf2+ 60. Kh1 Ng3+ 61. Kg1 Re2 62. a5 Nf5 63. Qf3 Ra2 64. Qa8 Bh2+ 65. Kf1 Ne3+ 66. Ke1 Bg3# 0-1

[Event "Veliko Gradiste Silver Lake op"]
[Site "Veliko Gradiste"]
[Date "2019.06.21"]
[Round "7"]
[White "Ersahin, Bulent"]
[Black "Avalyan, Artur"]
[Result "0-1"]
[WhiteElo "2198"]
[BlackElo "2385"]
[PlyCount "110"]
[EventDate "2019.06.16"]
[EventType "swiss"]
[EventRounds "9"]
[EventCountry "SRB"]
[SourceTitle "CBM 191 Extra"]
[Source "ChessBase"]
[SourceDate "2019.09.30"]
[SourceVersion "1"]
[SourceVersionDate "2019.09.30"]
[SourceQuality "1"]

1. e4 e6 2. d4 d5 3. Nd2 c5 4. Ngf3 Nf6 5. exd5 exd5 6. Bb5+ Bd7 7. Bxd7+ Nbxd7 8. 0-0 Be7 9. dxc5 Nxc5 10. Nb3 Nce4 11. Be3 0-0 12. Nfd4 Nd6 13. Qf3 Re8 14. Rad1 Nc4 15. Bc1 Qb6 16. Nf5 Bf8 17. Ne3 Ne5 18. Qg3 Rad8 19. Nf5 Ne4 20. Qh3 a6 21. Be3 Qg6 22. Nbd4 Qg4 23. Qxg4 Nxg4 24. Bf4 g6 25. Ne3 Nxe3 26. Bxe3 Bg7 27. Rfe1 Nd6 28. c3 Nc4 29. Bc1 Bxd4 30. cxd4 f6 31. Kf1 Kf7 32. Rxe8 Rxe8 33. Re1 Rc8 34. b3 Na5 35. Ba3 Nc6 36. Bc5 h5 37. Re2 Rb8 38. Bb6 Re8 39. Rxe8 Kxe8 40. Bc5 Kd7 41. Ke2 Ke6 42. Ke3 Kf5 43. Bd6 g5 44. Bc5 Nd8 45. h3 Ne6 46. g3 g4 47. h4 Nxc5 48. dxc5 Ke5 49. Kd3 d4 50. Kc4 Ke4 51. b4 f5 52. a4 f4 53. b5 axb5+ 54. axb5 fxg3 55. fxg3 d3 0-1